До першоджерел! Українське розстріляне відродження (Запис № 315315)
[ простий вигляд ]
| 000 -Лідер | |
|---|---|
| fixed length control field | 00804nam a22002657a 4500 |
| 001 - Контрольний номер | |
| control field | 28939 |
| 003 - Ідентифікатор контрольного номера | |
| control field | UA-OsUOA |
| 005 - Дата та час останнього входження (трансакції) | |
| control field | 20260128125121.0 |
| 007 - Фіксоване поле фізичного опису | |
| fixed length control field | ta |
| 008 - Елементи даних фіксованої довжини – загальна інформація | |
| fixed length control field | 20050517b un ||||| |||| 00| 0 ukr d |
| 020 ## - Міжнародний стандартний книжковий номер (ISBN) | |
| Міжнародний стандартний книжковий номер (ISBN) (НП) | 9667615545 |
| 040 ## - Джерело каталогізації | |
| Агенція оригінальної каталогізації | UA-OsUOA |
| Мова каталогізації | ukr |
| Агенція, яка здійснювала перезапис | UA-OsUOA |
| Агенція, яка здійснювала модифікацію | UA-OsUOA |
| 041 ## - Код мови | |
| Код мови тексту/ звукової доріжки чи окремого заголовка (П) | ukr |
| 044 ## - Код країни видавця/ виробника | |
| Код країни видавця/ виробника (П) | UA |
| 080 ## - Індекс Універсальної десяткової класифікації | |
| Індекс Універсальної десяткової класифікації (УДК) (НП) | 821.161.2 |
| 090 ## - Локальний шифр розміщення | |
| Класифікаційний індекс УДК | 821.161.2 |
| Авторський знак (НП) | Д55 |
| 245 ## - Відомості про назву | |
| Назва (НП) | До першоджерел! Українське розстріляне відродження |
| Дані про відповідальність (НП) | упоряд. В. В. Яременко |
| Решта назви (НП) | збірка |
| 246 ## - Інша форма назви | |
| Назва (НП) | Ad fontes! |
| 260 ## - Публікація, розповсюдження і т.п. (Вихідні дані) | |
| Місце публікації, розповсюдження і т.п. (П) | К. |
| Ім’я/ наймення видавництва, розповсюджувача і т.п. (П) | Молодь |
| Дата публікації, розповсюдження і т.п. (П) | 2004 |
| 300 ## - Фізичний опис | |
| Обсяг | 400 с. |
| 650 #7 - Додаткове предметне введення – тематичний термін | |
| Джерело заголовка чи терміна | UDC |
| Тематичний термін чи географічна назва, як елемент введення (НП) | 821.161.2 Українська література |
| 9 (RLIN) | 41 |
| 700 1# - Додаткове введення – ім'я особи | |
| Ім’я особи (НП) | Яременко В. В. |
| Термін відношення | упоряд. |
| 9 (RLIN) | 3494 |
| 942 ## - Додаткові елементи входу (Коха) | |
| Тип елемента Koha | Книги |
| Source of classification or shelving scheme | Universal Decimal Classification |
| 955 ## - Код типу видання за змістом | |
| Код типу видання за змістом (НП) | Літературно-художні видання |
| Стан вилучень | Стан втрат | Джерело класифікації або схеми стелажів | Стан уражень | Не для кредиту | Постійне місце розташування | Поточне розміщення | Дата придбання | Вартість, звичайна ціна покупки | Інвентарний номер | Усього замовленно | Повний номер виклику | Штрих-код | Дата останнього перегляду | Ціна ефективна від | Тип елемента Koha | Джерело придбання | Код колекції | Вартість, ціна заміни | Примітка, призначена для загального доступу |
|---|---|---|---|---|---|---|---|---|---|---|---|---|---|---|---|---|---|---|---|
| Universal Decimal Classification | АБ - Абонемент НБ | АБ - Абонемент НБ | 26/01/2006 | 27.22 | 94350 | 821.161.2 Д55 | 94350 | 17/03/2022 | 17/05/2005 | Книги | 9/2006 | ||||||||
| Universal Decimal Classification | АБ - Абонемент НБ | АБ - Абонемент НБ | 26/01/2006 | 27.22 | 94351 | 821.161.2 Д55 | 94351 | 06/04/2022 | 17/05/2005 | Книги | 9/2006 | ||||||||
| Universal Decimal Classification | АБ - Абонемент НБ | АБ - Абонемент НБ | 26/01/2006 | 27.22 | 94352 | 821.161.2 Д55 | 94352 | 17/03/2022 | 17/05/2005 | Книги | 9/2006 | ||||||||
| Universal Decimal Classification | АБ - Абонемент НБ | АБ - Абонемент НБ | 28/01/2026 | 27.00 | 821.161.2 Д55 | 169241 | 28/01/2026 | 28/01/2026 | Книги | №03/21.01.2026 | Колекція Шевчука Валерія | 27.00 | з автографом В. Яременка | ||||||
| Universal Decimal Classification | ЧЗ - Читальна зала | ЧЗ - Читальна зала | 17/05/2005 | 24.50 | 85134 | 821.161.2 Д55 | 85134 | 08/11/2021 | 17/05/2005 | Книги | |||||||||
| Universal Decimal Classification | ЧЗ - Читальна зала | ЧЗ - Читальна зала | 17/05/2005 | 17.02 | 85135 | 821.161.2 Д55 | 85135 | 08/11/2021 | 17/05/2005 | Книги | |||||||||
| Universal Decimal Classification | ЧЗ - Читальна зала | ЧЗ - Читальна зала | 17/05/2005 | 85136 | 821.161.2 Д55 | 85136 | 08/11/2021 | 17/05/2005 | Книги | ||||||||||
| Universal Decimal Classification | ЧЗ - Читальна зала | ЧЗ - Читальна зала | 26/01/2006 | 27.22 | 94385 | 821.161.2 Д55 | 94385 | 08/11/2021 | 17/05/2005 | Книги | 9/2006 | ||||||||
| Universal Decimal Classification | ЧЗ - Читальна зала | ЧЗ - Читальна зала | 26/01/2006 | 27.22 | 94386 | 821.161.2 Д55 | 94386 | 16/11/2021 | 17/05/2005 | Книги | 9/2006 |